000 00465nam a2200181Ia 4500
001 16533
005 20260306170316.0
008 260306t2007||||xx |||||||||||||| ||und||
041 _aESP
082 _a348.6
_bT77
100 _aToyama Miyagusuku, Jorge
_eAUT
245 0 _aGuía laboral:
_bguía legal de problemas y soluciones laborales
260 _c2007
300 _a878 páginas :
_c24 cm.
650 _aGEN
654 _aCDE
942 _cLIB
_dJUS
_fJUS
_2ddc
_n
999 _c16533
_d16533